[Event "Catalunya-ch U18"]
[Site "Girona"]
[Date "2014.??.??"]
[Round "2.2"]
[White "Yeste Costa, Eric"]
[Black "Gugonea, Mirea Alexandru"]
[Result "1-0"]
[WhiteElo "1705"]
[BlackElo "1731"]
[PlyCount "21"]
[EventDate "2014.01.25"]
[EventType "swiss"]
[EventRounds "4"]
[EventCountry "ESP"]
[SourceTitle "EXT 2024"]
[Source "ChessBase"]
[SourceDate "2023.10.10"]
[SourceVersion "1"]
[SourceVersionDate "2023.10.10"]
[SourceQuality "1"]

1. e4 e5 2. Nf3 Nc6 3. d4 exd4 4. Nxd4 Qf6 5. Nxc6 Qxc6 6. e5 Bc5 7. Nc3 d6 8. Bb5 Qxb5 9. Nxb5 Kd8 10. Qf3 f5 11. Bg5+ 1-0

[Event "Catalunya-ch U18 qual"]
[Site "Girona"]
[Date "2013.??.??"]
[Round "2.5"]
[White "Gugonea, Mirea Alexandru"]
[Black "Herrero Nogareda, Robert"]
[Result "1-0"]
[WhiteElo "1711"]
[BlackElo "1830"]
[PlyCount "91"]
[EventDate "2013.01.19"]
[EventType "swiss"]
[EventRounds "5"]
[EventCountry "ESP"]
[SourceTitle "EXT 2024"]
[Source "ChessBase"]
[SourceDate "2023.10.10"]
[SourceVersion "1"]
[SourceVersionDate "2023.10.10"]
[SourceQuality "1"]

1. e4 c6 2. d4 d5 3. e5 Bf5 4. Bd3 Bxd3 5. Qxd3 e6 6. Nf3 Nd7 7. 0-0 c5 8. c3 Qb6 9. Qc2 cxd4 10. cxd4 Ne7 11. Nc3 Rc8 12. Bd2 Nf5 13. Qd3 Rc6 14. Na4 Qc7 15. Rac1 Be7 16. Rxc6 bxc6 17. Bg5 Bxg5 18. Nxg5 h6 19. Nf3 0-0 20. Rc1 Rb8 21. Qc3 a5 22. Qxc6 Qxc6 23. Rxc6 Rb4 24. Rc8+ Kh7 25. Rc7 Rxa4 26. Rxd7 Rxa2 27. g4 Nxd4 28. Nxd4 Rxb2 29. Rxf7 a4 30. Ra7 Rb4 31. Nxe6 Rxg4+ 32. Kf1 h5 33. Nc5 Rg5 34. e6 Re5 35. Rxa4 d4 36. Ra5 d3 37. Nb3 Rxe6 38. Rxh5+ Kg6 39. Rd5 Kh7 40. Rxd3 Rh6 41. Kg2 Rg6+ 42. Rg3 Rb6 43. Nd4 g6 44. h4 Rb4 45. Nf3 Re4 46. Ng5+ 1-0

[Event "Catalunya-ch U18 qual"]
[Site "Girona"]
[Date "2013.??.??"]
[Round "1.4"]
[White "Gultresa Boada, Isaac"]
[Black "Gugonea, Mirea Alexandru"]
[Result "1-0"]
[WhiteElo "1984"]
[BlackElo "1711"]
[PlyCount "58"]
[EventDate "2013.01.19"]
[EventType "swiss"]
[EventRounds "5"]
[EventCountry "ESP"]
[SourceTitle "EXT 2024"]
[Source "ChessBase"]
[SourceDate "2023.10.10"]
[SourceVersion "1"]
[SourceVersionDate "2023.10.10"]
[SourceQuality "1"]

1. d4 d5 2. c4 c6 3. Nf3 Bg4 4. e3 e6 5. Nc3 Nf6 6. Bd3 Bb4 7. Bd2 0-0 8. 0-0 Nbd7 9. a3 Bxc3 10. Bxc3 Ne4 11. Bb4 Re8 12. h3 Bh5 13. cxd5 exd5 14. Be2 a5 15. Bc3 f6 16. Nd2 Bxe2 17. Qxe2 Nd6 18. Nb3 b6 19. Rac1 Qc7 20. a4 Re7 21. Qf3 Rae8 22. Bd2 Nc4 23. Rc2 Re4 24. Re1 c5 25. Bc3 cxd4 26. Nxd4 Nde5 27. Qg3 Qe7 28. Nf5 Qd7 29. Nd4 Nd3 1-0